Heróis da História de Portugal como nunca foram contados (Registo nº 1318)

Detalhes MARC
000 -Etiqueta do registo
Cabeçalho 00690nam0a2200253 4500
005 - Identificador da versão
Campo de controlo 20240813121832.0
010 ## - Número internacional normalizado dos livros (ISBN)
Número (ISBN) 9789897020360
021 ## - Número do Depósito Legal
Código do país PT
Número 335910/11
100 ## - Dados gerais de processamento
Dados gerais de processamento 20120106d a y0pory5003 ba
102 ## - Pais de publicação ou produção
País de publicação Portugal
101 0# - Língua de publicação
Língua do texto, banda sonora, etc. Português
106 ## - Campo de dados codificados: material textual
Dados codificados do material textual r
105 ## - Campo de dados codificados: livros
Dados codificados dos livros a z 001yy
215 ## - Descrição física 
Indicação específica da natureza do documento e extensão da espécie 206 p.
200 1# - Titulo e menção de responsabilidade
Título próprio Heróis da História de Portugal como nunca foram contados
Primeira menção de responsabilidade Pedro Marta Santos
Outras menções de responsabilidade il. Tiago Gonçalves
205 ## - Menção da edição
Menção da edição 1ª ed
210 ## - Publicação, Distribuição, etc. 
Lugar da edição, distribuição, etc. Lisboa
Nome do editor, distribuidor, etc. Guerra e paz Editores
Data da publicação, distribuição, etc. 2011
701 #1 - Nome de autor-pessoa física (co-responsabilidade principal)
Palavra de ordem Gonçalves
Outra parte do nome não tomada para palavra de ordem Tiago
Código de função Ilustrador / Técnico de desenho computorizado
700 #1 - Nome de autor-pessoa física (responsabilidade principal)
Número de registo de entrada de autoridade 0001862
Palavra de ordem Santos
Outra parte do nome não tomada para palavra de ordem Pedro Marta
966 ## - Identificação da Biblioteca
Sigla NUMETECA
942 ## - Elementos de entrada adicionados (Koha)
Tipo de item no Koha Livro
Exemplares
Situação do levantamento Origin of item (home branch) (coded) Biblioteca de empréstimo Código de barras Cota Circulation type (not for loan) Tipo de documento Nota do exemplar Damaged status
  Biblioteca Escolar Eng. Nuno Mergulhão Biblioteca Escolar Eng. Nuno Mergulhão BENM3181 | 2011 94(469) SAN   Livro Sem mensagem